000 nam a22 7a 4500
999 _c10755
_d10755
008 180223b ||||| |||| 00| 0 eng d
100 _aAggarwal,R.S.etal.
_96601
245 _aS.Chand's Mental Mathematics
260 _aNew Delhi
_bS.Chand
_c2012